Pentagonální iniciativa.

Riešenie spoločných problémov krajín "pentagonály" Maďarska, Rakúska, Talianska, Juhoslávie a ČSFR. Sedem prioritných oblastí spolupráce; rozvoj dopravy, problematika telekomunikácií, ochrany životného prostredia, podpora činností malých a stredných podnikov, vedeckotechnickej spolupráce a všestrann...

ver descrição completa

Na minha lista:
Detalhes bibliográficos
Autor principal: Brejchová, Z.
Outros Autores: Pokorná, H.
Formato: Capítulo de Livro
Idioma:tcheco
Assuntos:
Tags: Adicionar Tag
Sem tags, seja o primeiro a adicionar uma tag!

MARC

LEADER 00000naa a2200000 4500
001 r003618
005 20220819181017.7
041 0 |a cze 
044 |a [CS] 
245 1 0 |a Pentagonální iniciativa.  |c Z. Brejchová, H. Pokorná 
520 |a Riešenie spoločných problémov krajín "pentagonály" Maďarska, Rakúska, Talianska, Juhoslávie a ČSFR. Sedem prioritných oblastí spolupráce; rozvoj dopravy, problematika telekomunikácií, ochrany životného prostredia, podpora činností malých a stredných podnikov, vedeckotechnickej spolupráce a všestranné rozšírenie kultúrnych stykov a turistiky. 
610 2 0 |a pentagonála 
610 2 0 |a spolupráca hospodárska medzinárodná 
610 2 0 |a doprava 
610 2 0 |a telekomunikácie 
610 2 0 |a prostredie životné 
610 2 0 |a podnik malý 
610 2 0 |a podnik stredný 
610 2 0 |a spolupráca vedeckotechnická 
610 2 0 |a kultúra 
610 2 0 |a turistika 
100 1 |a Brejchová, Z. 
700 1 |a Pokorná, H.